00879aam a2200277 450000500170000000800410001702000180005804100140007608200180009010000230010824500880013126000290021930000180024865000260026665000380029265000320033065000290036265000280039165000250041965000230044465000220046765000290048965000280051865000330054665000220057920250618190539.0150720b xxu||||| |||| 00| | spa d a9789506411275 aEspañol a658.404 F813n aFrame, J. Davidson aLa nueva dirección de proyectos : herramientas para un era de cambios rápidos aArgentinabGranicac2011 a416 páginas aGERENCIA DE PROYECTOS aLA NUEVA DIRECCIÓN DE PROYECTOS aADMINISTRACION DE PROYECTOS aDIRECCIÓN DE PROYECTOS aPLANEACION DE PROYECTOS aCONTROL DE PROYECTOS aFACTORES DE CAMBIO aMANEJO DE RIESGOS aSELECCIÓN DE PROYECTOS aPLAZOS DE LOS PROYECTOS aIDENTIFICACIÓN DE CLIENTES aCONTROL DE COSTOS